| 000 | 00769nam a22002657a 4500 | ||
|---|---|---|---|
| 003 | OSt | ||
| 005 | 20260601171018.0 | ||
| 008 | 260508b1996\\\\|||a||||\||||\001\0\por\d | ||
| 020 | _a8586758019 | ||
| 040 |
_aICI _bspa _cICI _erda |
||
| 041 | _abl | ||
| 050 |
_aK1500 _bO43 1996 |
||
| 110 |
_aFIESP/CIESP _934284 |
||
| 245 |
_aO design e sua proteção legal: _bmanual de orientacao |
||
| 264 |
_aBrasil _bFIESP/CIESP _c1996 |
||
| 300 | _a39 páginas | ||
| 336 |
_2rdacontent _atexto |
||
| 337 |
_2rdamedia _asin medio |
||
| 338 |
_2rdacarrier _avolumen |
||
| 650 |
_aDiseño industrial _xAspectos legales _934285 |
||
| 650 |
_aPropiedad intelectual _934286 |
||
| 650 |
_aDerecho de autor _934287 |
||
| 650 |
_aDiseño _xProtección legal _934288 |
||
| 942 |
_2lcc _cB _n1 |
||
| 999 |
_c20779 _d20779 |
||